MARC

LEADER 00000nam a2200000Ia 4500
001 11843
003 BGR
005 20260324175410.0
008 160829s1952 xx 000 0 cat d
080 |a A-1-109 
100 |a Abadal i de Vinyals, Ramon d',  |d 1888-1970  |9 31594 
245 |a Catalunya carolíngia / per Ramon d'Abadal i de Vinyals 
260 |a Barcelona :  |b Institut d'Estudis Catalans,  |c 1952 
300 |a 2 v. ;  |c 28 cm 
490 |a Memòries de la Secció Històrico-Arqueològica 
590 |a Publicada a despeses de la Institució Patxot 
650 |a Carolingis  |9 25125 
651 0 |a Catalunya  |x Història   |y 476-1492, Edat mitjana  |9 55929 
710 2 |a Institut d'Estudis Catalans  |9 52284 
710 2 |a Institució Patxot  |9 71069 
866 |a vbcrlfVol. II. : Els diplomes carolingis a Cataluya ... segona part / per Ramon d'Abadal i de Vinyals ...  |x p. 307-590.  |x (Memòries de la Secció Històrico-Arqueològica ; 2) 
901 |a Arxiu 
942 |n 1  |2 udc  |c MON 
952 |0 0  |1 0  |4 0  |6 A1109  |7 1  |9 45687  |a Arxiu  |b Arxiu  |d 2016-12-01  |l 0  |o A-1-109  |p 11843  |r 2016-12-01 00:00:00  |w 2016-12-01  |y ARXIU 
999 |c 49187  |d 49187